Congressional Budget Office oversight : hearing before the Committee on the Budget, House of Representatives, Ninety-fourth Congress, first session, December 17, 1975.

Bibliographic Details
Corporate Authors: United States. Congress. House. Committee on the Budget, ProQuest (Firm)
Other Authors: Schlosstein, Ralph L.
Format: Government Document eBook
Language:English
Published: Washington : U.S. Govt. Print. Off, 1976.
Series:U.S. Congressional Hearings.
Subjects:
Online Access:Connect to the full text of this electronic book
Connect to the full text of this electronic book

MARC

Tag First Indicator Second Indicator Subfields
LEADER 00000cam a22000001a 4500
001 in00003201719
006 m d f
007 cr bn mmmapmmp
008 090922s1976 dcu o f000 0 eng d
005 20260511205118.2
035 |a cis2007440649 
040 |a UMI  |c UMI  |d UtOrBLW 
043 |a n-us--- 
086 0 |a Y 4.B 85/3:B 85/4/pt.1-2 
099 |a HRG-1975-BGH-0003 
099 |a HRG-1976-BGH-0016 
110 1 |a United States.  |b Congress.  |b House.  |b Committee on the Budget. 
245 1 0 |a Congressional Budget Office oversight :  |b hearing before the Committee on the Budget, House of Representatives, Ninety-fourth Congress, first session, December 17, 1975. 
264 1 |a Washington :  |b U.S. Govt. Print. Off,  |c 1976. 
300 |a 1 online resource. 
336 |a text  |b txt  |2 rdacontent 
337 |a computer  |b c  |2 rdamedia 
338 |a online resource  |b cr  |2 rdacarrier 
500 |a Record is based on bibliographic data in ProQuest Congressional Hearings Digital Collection. Reuse except for individual research requires license from ProQuest, LLC. 
538 |a System requirements: PDF reader software. 
500 |a Electronic resource. 
610 1 0 |a United States.  |b Congressional Budget Office. 
650 0 |a Finance, Public  |z New York (State)  |z New York. 
650 0 |a Default (Finance)  |z New York (State)  |z New York. 
655 7 |a Electronic books.  |2 local 
700 1 |a Schlosstein, Ralph L.  |t New York City's financial crisis.  |f 1976. 
710 2 |a ProQuest (Firm) 
776 0 8 |i Print version:  |a United States. Congress. House. Committee on the Budget.  |t Congressional Budget Office oversight  |w (DLC)76600865 //r90 
776 0 8 |i Microfiche version:  |a United States. Congress. House. Committee on the Budget.  |t Congressional Budget Office oversight.  |d [Bethesda, Md.] : ProQuest,[2004]  |o CIS 76 H261-3 (pt. 1)  |o CIS 76 H261-4 (pt. 2)  |w (ProQuest)cis07600661 
830 0 |a U.S. Congressional Hearings. 
856 4 0 |u http://proxy.library.tamu.edu/login?url=https://congressional.proquest.com/congcomp/getdoc?HEARING-ID=HRG-1975-BGH-0003  |z Connect to the full text of this electronic book  |t 0 
856 4 0 |u http://proxy.library.tamu.edu/login?url=https://congressional.proquest.com/congcomp/getdoc?HEARING-ID=HRG-1976-BGH-0016  |z Connect to the full text of this electronic book  |t 0 
998 |a cis07600661 
999 |a MARS 
999 f f |s 84ce3d1d-9090-3552-9441-a02b69d30c5f  |i 9448743b-0948-3558-b3f0-2bce0f95a3fe  |t 0 
952 f f |a Texas A&M University  |b College Station  |c Electronic Resources  |s www_evans  |d Available Online  |t 0  |e HRG-1976-BGH-0016  |h Other scheme 
998 f f |a HRG-1976-BGH-0016  |t 0  |l Available Online